000 00591nam a2200193Ii 4500
003 JO-AjNU
008 230605s9999||||xx |||||||||||||| ||und||
040 _aJO-AjNU
_bara
_erda
_cJO-AjNU
041 _aara
050 1 4 _aPJ7814.2022
100 3 _aبقلم عسكر، قصي الشيخ,
_eauthor
_963498
245 0 0 _aانا والشبيه
250 _aط1
264 3 1 _aالعراق/بغداد: دار البيضاء للطباعة والنشر، 2022
300 _a90ص
336 _atext
_btxt
_2rdacontent
337 _aunmediated
_bn
_2rdamedia
338 _avolume
_bnc
_2rdacarrier
999 _aA28807
_c32375
_d32375